The Shawshank Redemption: Red's "Rehabilitated" Monologue - Statistics

General Stats
  • This quiz has been taken 1,177 times
  • The average score is 117 of 179
Answer Stats
Answer % Correct
I
98%
a
97%
do
91%
You
88%
you
88%
me
86%
me,
86%
the
85%
don't
84%
Rehabilitated?
82%
that
82%
That
82%
that.
82%
what
81%
What
81%
so
80%
So,
80%
know,
79%
know
79%
know?
79%
To
79%
to
79%
and
77%
it
77%
think
77%
go
74%
give
72%
word;
72%
word,
72%
word.
72%
for
69%
means.
69%
means,
69%
not
69%
Not
69%
can
68%
shit.
68%
want
67%
have
66%
just
65%
Am
64%
man
63%
on
63%
tell
63%
but
62%
did?
62%
is
61%
it's
61%
It's
61%
up
61%
in
60%
day
59%
was
59%
by
58%
like
57%
him.
56%
him,
56%
him
56%
sorry
56%
made
55%
my
55%
really
55%
truth,
55%
young
55%
young,
55%
feel
54%
goes
54%
stamp
54%
any
53%
regret.
53%
because
52%
stupid
52%
idea
51%
talk
51%
time,
51%
see.
50%
I'm
49%
let
49%
now,
49%
Well,
49%
kid
47%
all
46%
who
46%
can't.
45%
here,
45%
job.
45%
suit
45%
this
45%
should.
44%
old
43%
are,
42%
back
42%
sonny.
42%
tie
42%
bullshit
41%
some
41%
There's
41%
sonny,
40%
that's
40%
then,
40%
wear
40%
with
40%
wasting
39%
form,
38%
stop
38%
crime.
37%
way
37%
gone
36%
live
36%
or
36%
left.
35%
sense
35%
yourself
35%
look
34%
terrible
34%
committed
33%
things
33%
long
31%
politician's
28%
try
28%
got
26%
fellas
25%
kid's
21%
No matching quizzes found
Score Distribution
Percent of People with Each Score
Percentile by Number Answered
Your Score History
You have not taken this quiz